000 00915cab a2200229 4500
001 ABS48180
008 090401t1993 xxu||||| |||| 00| 0 eng d
035 _a(Sirsi) u65361
041 _aeng
100 _aCox, G.N
245 _aBuilding condition survey report
260 _c1993
350 _a0
490 _aArchitect and Surveyor
_v68(2) March 1993, 18-20(3)
520 _aEmphasises the importance of clearly defining what a surveyor will do and will not do before the compiling of a building condition survey report. Includes a sample confirmation letter plus explanation of the scope of the inspection and a detailed Terms and Conditions of Engagament with a clients confirmation form.
650 _aBUILDING CONDITION SURVEY REPORT
650 _aCONDITIONS OF ENGAGEMENT
650 _aSTRUCTURAL SURVEY
690 _aBUILT ENVIRONMENT-BUILDING INSPECTION
942 _n0
948 _c04/03/1997
999 _c40757
_d40757